000 00465nam a2200169Ia 4500
003 GCL
008 140319s9999 xx 000 0 ara d
040 _aGCL /
_cGCL
082 0 4 _a813.01
_bب ل
100 1 _aبدوى مطر
245 1 0 _aللحب وجة اخر /
_cبدوى مطر
300 _a182 ص
490 _aقصص عربية
_v0
650 0 4 _aالقصص القصيرة
650 0 4 _aالادب العربى - العصر الحديث
942 _2ddc
_cBK
999 _c38825
_d38825